| 000 | 00495nam a2200169 a 4500 | ||
|---|---|---|---|
| 001 | 000037087 | ||
| 005 | 20200930080130.0 | ||
| 008 | 120213s1940 mx 000 0 spa d | ||
| 040 |
_aDO-SdBNP _bspa _cBNPHU |
||
| 082 |
_axxx _cE57s |
||
| 100 | 1 |
_aEngels, Federico _963499 |
|
| 245 | 1 | 0 |
_aSobre el capital / _cFederico Engels. |
| 260 |
_aMéxico : _bEdiciones Quinto Sol, _c1940. |
||
| 300 |
_a171 p. ; _c17 cm. |
||
| 490 | 1 |
_aCuadernos de marxismo _v10 |
|
| 830 | 0 |
_aCuadernos de marxismo _v10 _963500 |
|
| 999 |
_c36577 _d36577 |
||